Normal view
MARC view
Entry Topical Term
001 - CONTROL NUMBER
- control field: 12144
003 - CONTROL NUMBER IDENTIFIER
- control field: BD-RjUL
005 - DATE AND TIME OF LATEST TRANSACTION
- control field: 20240307175542.0
008 - FIXED-LENGTH DATA ELEMENTS
- fixed length control field: 240307|| aca||aabn | a|a d
040 ## - CATALOGING SOURCE
- Original cataloging agency: BD-RjUL
- Transcribing agency: BD-RjUL
150 ## - HEADING--TOPICAL TERM
- Topical term or geographic name entry element: Economic devlopment and growth
- General subdivision: Education
- Geographic subdivision: Bangladesh
670 ## - SOURCE DATA FOUND
- Source citation: Work cat.: (BD-RjUL)83270: Sikder, Md. Zahirul Islam 12143, Education and Economic Growth in Bangladesh - :, 2011